00461nmm a2200157Ia 4500008004100000020001800041041000800059100003000067245004300097264005500140300001800195650001500213856005100228942000700279999001700286251105s9999||||xx |||||||||||||||||und|| a9789560105714 aspa aSharon Jirikils, Isaías 0aMiradas de Coaching Integrativo Vol. 1 a[Santiago de Chile, Chile] :bRil editores, c2018 a302 páginas aPsychology uhttps://public.digitaliapublishing.com/a/65390 cCF c93941d93941